[Event "South Wales New Year 2020"]
[Site "Bridgend"]
[Date "2020.01.04"]
[Round "2.13"]
[White "Robinson, David"]
[Black "Thomas, Roy"]
[Result "1-0"]
[WhiteElo "1860"]
[BlackElo "1689"]
[PlyCount "61"]
[EventDate "2020.01.03"]
[EventType "swiss"]
[EventRounds "5"]
[EventCountry "WLS"]
[SourceDate "2020.01.04"]

1. d4 e6 2. Nf3 f5 3. Bf4 Nf6 4. e3 b6 5. Bd3 Bb7 6. Nbd2 Be7 7. Qe2 Ne4 8. c3
O-O 9. h3 c5 10. Rg1 d5 11. g4 Nc6 12. gxf5 exf5 13. O-O-O cxd4 14. exd4 Rc8
15. Kb1 Bf6 16. Rg2 Re8 17. Qf1 Qe7 18. h4 Na5 19. Ne5 Nc6 20. Ndf3 a6 21. Bc2
b5 22. Nxc6 Bxc6 23. Ne5 Bd7 24. f3 Nd6 25. Bg5 Be6 26. Nd3 Nc4 27. Qg1 Bxg5
28. Rxg5 Qf6 29. Qf2 Re7 30. Nf4 Qh6 31. Nxe6 1-0

[Event "South Wales New Year 2020"]
[Site "Bridgend"]
[Date "2020.01.04"]
[Round "2.14"]
[White "Bennett, Tom"]
[Black "Turner, Joseph David"]
[Result "0-1"]
[WhiteElo "1594"]
[BlackElo "1851"]
[PlyCount "40"]
[EventDate "2020.01.03"]
[EventType "swiss"]
[EventRounds "5"]
[EventCountry "WLS"]
[SourceDate "2020.01.04"]

1. b3 e5 2. Bb2 Nc6 3. e3 d5 4. Bb5 Bd6 5. Bxc6+ bxc6 6. d3 Nh6 7. h3 O-O 8.
Ne2 c5 9. Nd2 f5 10. e4 c6 11. c4 fxe4 12. dxe4 Qf6 13. O-O Qh4 14. Ng3 Bg4 15.
Qe1 Bxh3 16. gxh3 Qxh3 17. f3 Rf6 18. exd5 Rg6 19. Nde4 Nf5 20. Kf2 Qh2# 0-1

[Event "South Wales New Year 2020"]
[Site "Bridgend"]
[Date "2020.01.04"]
[Round "2.16"]
[White "Dixon, Chris"]
[Black "Chung, Joel"]
[Result "1-0"]
[WhiteElo "1748"]
[BlackElo "1486"]
[PlyCount "57"]
[EventDate "2020.01.03"]
[EventType "swiss"]
[EventRounds "5"]
[EventCountry "WLS"]
[SourceDate "2020.01.04"]

1. e4 e6 2. d3 d5 3. Nd2 Nc6 4. Ngf3 Bc5 5. g3 dxe4 6. Nxe4 Bb6 7. Bg2 Nf6 8.
O-O e5 9. c3 Bf5 10. Qe2 Qe7 11. b4 O-O-O 12. a4 a5 13. b5 Nb8 14. Ba3 Qe8 15.
c4 Bd4 16. Nxd4 exd4 17. Rfe1 Nxe4 18. Bxe4 Bxe4 19. Qxe4 Qxe4 20. Rxe4 b6 21.
Rae1 c5 22. Bc1 Nd7 23. Re7 Rhf8 24. Bf4 h6 25. h4 h5 26. Kg2 g6 27. R1e4 Nf6
28. Rc7+ Kb8 29. Ree7 1-0

[Event "South Wales New Year 2020"]
[Site "Bridgend"]
[Date "2020.01.04"]
[Round "3.1"]
[White "Gay, Simon"]
[Black "Toczek, Grzegorz"]
[Result "0-1"]
[WhiteElo "1863"]
[BlackElo "2263"]
[PlyCount "60"]
[EventDate "2020.01.03"]
[EventType "swiss"]
[EventRounds "5"]
[EventCountry "WLS"]
[SourceDate "2020.01.04"]

1. e4 d6 2. d4 Nf6 3. Nc3 g6 4. f4 Bg7 5. e5 Nfd7 6. Nf3 c5 7. exd6 O-O 8. Be2
exd6 9. O-O Nc6 10. Nb5 d5 11. dxc5 Nxc5 12. Be3 Ne4 13. c3 Re8 14. Bd4 Nxd4
15. Nbxd4 Qc7 16. g3 Bh3 17. Re1 Rad8 18. Bf1 Bg4 19. Qb3 a6 20. h3 Bxf3 21.
Nxf3 Qc5+ 22. Kh2 Qf2+ 23. Bg2 Qxg3+ 24. Kg1 Nf2 25. Rxe8+ Rxe8 26. Ng5 h6 27.
Nxf7 Nxh3+ 28. Kh1 Nxf4 29. Bxd5 Qh3+ 30. Kg1 Ne2+ 0-1

[Event "South Wales New Year 2020"]
[Site "Bridgend"]
[Date "2020.01.04"]
[Round "3.2"]
[White "Kozusek, Daniel"]
[Black "Van Kemenade, Rudy"]
[Result "1-0"]
[WhiteElo "2335"]
[BlackElo "1883"]
[PlyCount "77"]
[EventDate "2020.01.03"]
[EventType "swiss"]
[EventRounds "5"]
[EventCountry "WLS"]
[SourceDate "2020.01.04"]

1. d4 d6 2. g3 f5 3. Bg2 Nf6 4. Nh3 g6 5. c3 Nc6 6. Qb3 e5 7. dxe5 dxe5 8. O-O
Bg7 9. Be3 Qe7 10. Qb5 Bd7 11. Bc5 a6 12. Qxb7 Qxc5 13. Qxa8+ Ke7 14. Qxa6 Rb8
15. b4 Qd6 16. b5 Rb6 17. Qa4 Nd8 18. Na3 Qc5 19. Qb4 Qxb4 20. cxb4 e4 21. Rad1
Be6 22. Nf4 Bxa2 23. Rd2 Bb3 24. Rc1 Ne8 25. e3 g5 26. Nd5+ Bxd5 27. Rxd5 Bb2
28. Rcd1 Nd6 29. Nc4 Nxc4 30. Rxd8 Nd6 31. Ra8 Rxb5 32. Ra4 h6 33. Bf1 Rb6 34.
Rd5 Bc3 35. Rc5 Bxb4 36. Rxc7+ Kf6 37. Rc1 Bd2 38. Rc2 Be1 39. Ra1 1-0

[Event "South Wales New Year 2020"]
[Site "Bridgend"]
[Date "2020.01.04"]
[Round "3.3"]
[White "Bullen, Alex"]
[Black "Smith, Lynda"]
[Result "0-1"]
[WhiteElo "2039"]
[BlackElo "1793"]
[PlyCount "76"]
[EventDate "2020.01.03"]
[EventType "swiss"]
[EventRounds "5"]
[EventCountry "WLS"]
[SourceDate "2020.01.04"]

1. d4 f5 2. Bg5 g6 3. h4 h6 4. Bd2 Nf6 5. Nc3 Bg7 6. Nh3 Nh5 7. e4 fxe4 8. Qg4
O-O 9. Qxg6 Qe8 10. Qxe4 Nc6 11. Nb5 Nf6 12. Qd3 Qd8 13. Qg6 Qe8 14. Qg3 Ne4
15. Qb3+ Kh8 16. Nxc7 Nxd2 17. Kxd2 Nxd4 18. Qd5 Qd8 19. Nxa8 Rf5 20. Qc4 Qa5+
21. b4 Qd8 22. Bd3 Rf8 23. c3 Nf5 24. Nf4 Rf6 25. Bxf5 Rxf5 26. g4 Rf6 27. Rac1
Qf8 28. Nd3 d5 29. Qxd5 Bxg4 30. Rhe1 Rd6 31. Qxd6 exd6 32. Nc7 Qf7 33. Ne8 Be5
34. Nxe5 dxe5 35. Rxe5 Qf4+ 36. Re3 Qxf2+ 37. Kd3 Bf5+ 38. Kd4 Qd2+ 0-1

[Event "South Wales New Year 2020"]
[Site "Bridgend"]
[Date "2020.01.04"]
[Round "3.4"]
[White "Bevan, Peter M"]
[Black "Clark, Ian C"]
[Result "1/2-1/2"]
[WhiteElo "1889"]
[BlackElo "1957"]
[PlyCount "36"]
[EventDate "2020.01.03"]
[EventType "swiss"]
[EventRounds "5"]
[EventCountry "WLS"]
[SourceDate "2020.01.04"]

1. d4 Nf6 2. Bf4 d6 3. e3 Bf5 4. c4 Nbd7 5. Nf3 c6 6. Nbd2 h6 7. h3 g5 8. Bh2
Bg7 9. Qb3 Qb6 10. Be2 O-O 11. g4 Bh7 12. O-O Rfe8 13. Qa3 c5 14. Bd3 Bxd3 15.
Qxd3 Rad8 16. d5 Nf8 17. Rab1 e6 18. e4 e5 1/2-1/2

[Event "South Wales New Year 2020"]
[Site "Bridgend"]
[Date "2020.01.04"]
[Round "3.5"]
[White "Gay, Conor"]
[Black "Greatorex, Roger"]
[Result "1-0"]
[WhiteElo "1946"]
[BlackElo "1729"]
[PlyCount "89"]
[EventDate "2020.01.03"]
[EventType "swiss"]
[EventRounds "5"]
[EventCountry "WLS"]
[SourceDate "2020.01.04"]

1. e4 c6 2. d4 d5 3. exd5 Qxd5 4. Nf3 Bf5 5. c4 Qd8 6. Be2 e6 7. O-O Be7 8. Nc3
Nf6 9. Bf4 O-O 10. Nh4 Bg6 11. Nxg6 hxg6 12. Re1 Nbd7 13. Qc2 Re8 14. Rad1 Qc8
15. Bf3 Nb6 16. b3 a5 17. Ne4 Nxe4 18. Bxe4 Bf6 19. Bf3 Rd8 20. Qe4 a4 21. g4
g5 22. Be5 axb3 23. axb3 Ra3 24. Bxf6 gxf6 25. Rd3 Kg7 26. Bd1 Rh8 27. Ree3 Ra1
28. Kg2 Rh4 29. h3 Qc7 30. Qf3 Ra2 31. Re2 Rxe2 32. Bxe2 Rh8 33. Qe4 Rd8 34.
Rf3 Rh8 35. Bd3 Rh6 36. b4 Nd7 37. Bc2 Nb6 38. Bb3 Qe7 39. d5 cxd5 40. cxd5 e5
41. d6 Qxd6 42. Qxb7 Nd7 43. Bc4 e4 44. Rf5 Ne5 45. Rxe5 1-0

[Event "South Wales New Year 2020"]
[Site "Bridgend"]
[Date "2020.01.04"]
[Round "3.6"]
[White "Heap, Gerry"]
[Black "Payne, David J"]
[Result "1-0"]
[WhiteElo "2108"]
[BlackElo "1943"]
[PlyCount "55"]
[EventDate "2020.01.03"]
[EventType "swiss"]
[EventRounds "5"]
[EventCountry "WLS"]
[SourceDate "2020.01.04"]

1. g3 g6 2. Bg2 Bg7 3. c4 c5 4. Nc3 Nc6 5. Nf3 e6 6. d3 a6 7. Bg5 f6 8. Be3 d6
9. d4 cxd4 10. Nxd4 Nxd4 11. Bxd4 Ne7 12. Ne4 O-O 13. O-O Nc6 14. Bc3 d5 15.
cxd5 exd5 16. Qb3 Na5 17. Qa4 Bd7 18. Qxa5 Qxa5 19. Bxa5 dxe4 20. Bxe4 f5 21.
Bxb7 Rab8 22. Bxa6 Rxb2 23. Rab1 Ra8 24. Bc4+ Kf8 25. Bb4+ Ke8 26. Rxb2 Bxb2
27. Rb1 Bf6 28. Bd6 1-0

[Event "South Wales New Year 2020"]
[Site "Bridgend"]
[Date "2020.01.04"]
[Round "3.7"]
[White "Pleasants, Allan J"]
[Black "Downey, Keith"]
[Result "1-0"]
[WhiteElo "2046"]
[BlackElo "1820"]
[PlyCount "77"]
[EventDate "2020.01.03"]
[EventType "swiss"]
[EventRounds "5"]
[EventCountry "WLS"]
[SourceDate "2020.01.04"]

1. Nf3 Nf6 2. g3 c5 3. Bg2 Nc6 4. c4 g6 5. O-O Bg7 6. Nc3 O-O 7. d4 cxd4 8.
Nxd4 Nxd4 9. Qxd4 d6 10. Qd2 Rb8 11. b3 b6 12. Bb2 Be6 13. e4 Qd7 14. Rad1 Rfd8
15. Rfe1 Bg4 16. f3 Be6 17. a4 Bh3 18. Nd5 Nxd5 19. Bxg7 Kxg7 20. Bxh3 Qxh3 21.
exd5 Rb7 22. Re4 Qf5 23. Rf4 Qc8 24. Re1 Qc5+ 25. Kg2 a5 26. Rfe4 Re8 27. h4 h5
28. g4 Qb4 29. Qb2+ Kh7 30. Kh2 Qc5 31. Qg2 hxg4 32. fxg4 Qc8 33. Qf3 Kg7 34.
Rf1 Rf8 35. h5 Qe8 36. hxg6 fxg6 37. Rf4 Rb8 38. Qc3+ Rf6 39. g5 1-0

[Event "South Wales New Year 2020"]
[Site "Bridgend"]
[Date "2020.01.04"]
[Round "3.8"]
[White "Fathallah, Joe"]
[Black "Dixon, Chris"]
[Result "1/2-1/2"]
[WhiteElo "1919"]
[BlackElo "1748"]
[PlyCount "91"]
[EventDate "2020.01.03"]
[EventType "swiss"]
[EventRounds "5"]
[EventCountry "WLS"]
[SourceDate "2020.01.04"]

1. d4 d5 2. c4 e6 3. Nc3 Nf6 4. cxd5 exd5 5. Bg5 Be7 6. e3 O-O 7. Bd3 Nbd7 8.
Qc2 Re8 9. Nge2 Nf8 10. O-O c6 11. f3 Be6 12. e4 dxe4 13. fxe4 Rc8 14. Rf3 c5
15. Bb5 Bd7 16. Bxd7 Qxd7 17. Bxf6 Bxf6 18. d5 Ng6 19. Raf1 Ne5 20. Rg3 Ng6 21.
Qd3 Be5 22. Rh3 a6 23. a4 Rb8 24. Qf3 b5 25. axb5 axb5 26. Ng3 b4 27. Nd1 Bxg3
28. hxg3 Rb6 29. Ne3 Ne5 30. Qe2 Ra8 31. Nf5 c4 32. Qh5 h6 33. d6 Qe6 34. g4
Rxd6 35. Nxd6 Qxd6 36. g5 Qd4+ 37. Kh1 Qxb2 38. gxh6 g6 39. h7+ Kh8 40. Qg5 Nd3
41. Rxd3 cxd3 42. e5 Ra1 43. Qf6+ Kxh7 44. Qxf7+ Kh6 45. Qf8+ Kh7 46. Qf7+
1/2-1/2

[Event "South Wales New Year 2020"]
[Site "Bridgend"]
[Date "2020.01.04"]
[Round "3.9"]
[White "Morgans, Justin"]
[Black "Robinson, David"]
[Result "0-1"]
[WhiteElo "1613"]
[BlackElo "1860"]
[PlyCount "150"]
[EventDate "2020.01.03"]
[EventType "swiss"]
[EventRounds "5"]
[EventCountry "WLS"]
[SourceDate "2020.01.04"]

1. e4 d5 2. exd5 Qxd5 3. Nc3 Qa5 4. d4 Nf6 5. Bd3 Bf5 6. Nf3 c6 7. O-O e6 8. a3
Bxd3 9. Qxd3 Nbd7 10. Bf4 Be7 11. Rfe1 O-O 12. b4 Qd8 13. Rad1 Nd5 14. Bg3 Re8
15. Ne4 N7f6 16. c4 Nxe4 17. Rxe4 Nf6 18. Rh4 g6 19. Qe3 a5 20. c5 Nd5 21. Qh6
Bxh4 22. Bxh4 f6 23. Bg3 axb4 24. axb4 Qd7 25. Qd2 Ra4 26. Rb1 Rea8 27. h3 Ra2
28. Qd3 Ra1 29. Kh2 R8a3 30. Qc2 R1a2 31. Qc4 Ra1 32. Rb3 Rxb3 33. Qxb3 Kf7 34.
Qb2 Ra4 35. Bd6 Rxb4 36. Qd2 Kg7 37. g4 Rb3 38. Kg2 h6 39. Qa2 Rd3 40. Qa8 Qf7
41. h4 Rb3 42. Qa2 Rb4 43. Qd2 Rb3 44. Qc1 Ne7 45. Qc2 Rb4 46. Qd2 Rb5 47. g5
hxg5 48. hxg5 f5 49. Qf4 Nd5 50. Qh4 Kg8 51. Be5 Qh7 52. Qh6 Rb3 53. Qxh7+ Kxh7
54. Kg3 Kg8 55. Kg2 Kf7 56. Kg3 Nc3 57. Kg2 Ne4 58. Bg3 Rxf3 59. Kxf3 Nxg5+ 60.
Ke3 Ne4 61. Be5 g5 62. f3 Nf6 63. Kd3 g4 64. Ke3 Nd5+ 65. Kf2 Kg6 66. Kg3 Kg5
67. fxg4 fxg4 68. Bd6 Kf5 69. Be5 Ne7 70. Bh8 Ng6 71. Bg7 Kg5 72. Kf2 Kh4 73.
Bf6+ Kh3 74. Bd8 g3+ 75. Kg1 Nf4 0-1

[Event "South Wales New Year 2020"]
[Site "Bridgend"]
[Date "2020.01.04"]
[Round "3.11"]
[White "Britton, Richard L"]
[Black "Ong, Weng Yan"]
[Result "1-0"]
[WhiteElo "2162"]
[BlackElo "1653"]
[PlyCount "29"]
[EventDate "2020.01.03"]
[EventType "swiss"]
[EventRounds "5"]
[EventCountry "WLS"]
[SourceDate "2020.01.04"]

1. e4 e6 2. d3 d5 3. Nd2 dxe4 4. dxe4 Bc5 5. Ngf3 Nf6 6. Bd3 Nc6 7. O-O O-O 8.
Nb3 Bb6 9. e5 Nd5 10. Bxh7+ Kxh7 11. Ng5+ Kg6 12. h4 Nxe5 13. Qe2 f6 14. h5+
Kf5 15. Qe4# 1-0

[Event "South Wales New Year 2020"]
[Site "Bridgend"]
[Date "2020.01.04"]
[Round "3.12"]
[White "Sivarajasingam, Venetia"]
[Black "Denham-Kennedy, Colin"]
[Result "1-0"]
[WhiteElo "1742"]
[BlackElo "1638"]
[PlyCount "87"]
[EventDate "2020.01.03"]
[EventType "swiss"]
[EventRounds "5"]
[EventCountry "WLS"]
[SourceDate "2020.01.04"]

1. e4 e6 2. d4 d5 3. e5 Nd7 4. Nf3 a6 5. Bd3 c5 6. c3 h6 7. O-O b5 8. a3 c4 9.
Bc2 Nb6 10. Be3 Bb7 11. Nbd2 Bc6 12. Re1 a5 13. Nf1 a4 14. N3d2 Qc7 15. f4 g6
16. Qg4 h5 17. Qh3 Ne7 18. Nf3 O-O-O 19. Ng5 Nf5 20. Bf2 Bg7 21. Ne3 Rdg8 22.
Nxf5 gxf5 23. Bh4 Kb7 24. Rf1 Bh6 25. Rae1 Bxg5 26. Bxg5 Bd7 27. Bd1 Be8 28.
Re3 Nd7 29. Rg3 Nf8 30. Bf6 h4 31. Rxg8 Rxg8 32. Qxh4 Nd7 33. Be7 Nf8 34. Bd6
Qc8 35. Qh6 Ng6 36. Qg5 Qd7 37. h4 Rh8 38. h5 f6 39. Qxf6 Qh7 40. Qxe6 Nh4 41.
Qe7+ Qxe7 42. Bxe7 Bxh5 43. Bxh4 Bxd1 44. Bf6 1-0

[Event "South Wales New Year 2020"]
[Site "Bridgend"]
[Date "2020.01.04"]
[Round "3.13"]
[White "Smith, George"]
[Black "Pinch, David"]
[Result "1-0"]
[WhiteElo "1531"]
[BlackElo "1669"]
[PlyCount "115"]
[EventDate "2020.01.03"]
[EventType "swiss"]
[EventRounds "5"]
[EventCountry "WLS"]
[SourceDate "2020.01.04"]

1. d4 Nf6 2. Bg5 d5 3. Nc3 e6 4. e4 Be7 5. e5 Ng8 6. Bxe7 Nxe7 7. f4 Nd7 8. Nf3
a6 9. Qd2 c5 10. dxc5 Nxc5 11. Nd4 Qb6 12. Rb1 Nc6 13. Nxc6 Qxc6 14. Be2 b5 15.
O-O Bb7 16. b4 Nd7 17. Bf3 Rc8 18. Rb3 O-O 19. Rc1 Nb6 20. Ne2 Nc4 21. Qd3 Qb6+
22. Nd4 Rc7 23. Kh1 Rfc8 24. h3 Bc6 25. c3 Rf8 26. Re1 Be8 27. Bh5 Qb8 28. Bg4
Qc8 29. f5 Bd7 30. f6 g6 31. Qg3 Kh8 32. Qh4 Rg8 33. Nf3 Qf8 34. Ng5 h6 35. Bd1
Nd2 36. Rb2 Rc4 37. Qxh6+ Qxh6 38. Nxf7+ Kh7 39. Nxh6 Kxh6 40. Rxd2 Rxc3 41.
Bc2 Rc4 42. Rf1 Rf8 43. f7 Kg7 44. Rdf2 g5 45. Bb1 Rf4 46. Rxf4 gxf4 47. Rxf4
Rxf7 48. Rxf7+ Kxf7 49. g4 d4 50. Kg2 Bc6+ 51. Kf2 Bd5 52. Ke2 Bc4+ 53. Kd2 Kg7
54. g5 Kf7 55. a3 Kg7 56. h4 Kf7 57. h5 Kg7 58. Be4 1-0

[Event "South Wales New Year 2020"]
[Site "Bridgend"]
[Date "2020.01.04"]
[Round "3.14"]
[White "Buttell, David"]
[Black "Bennett, Tom"]
[Result "1/2-1/2"]
[WhiteElo "1805"]
[BlackElo "1594"]
[PlyCount "34"]
[EventDate "2020.01.03"]
[EventType "swiss"]
[EventRounds "5"]
[EventCountry "WLS"]
[SourceDate "2020.01.04"]

1. d4 Nf6 2. c4 c5 3. d5 b5 4. cxb5 a6 5. g3 axb5 6. Bg2 d6 7. Nf3 g6 8. b4 Bg7
9. Bb2 O-O 10. O-O Bb7 11. bxc5 dxc5 12. e4 Nxe4 13. Bxg7 Kxg7 14. Ne5 Qxd5 15.
Qxd5 Bxd5 16. Bxe4 Bxe4 17. Nc3 Bf5 1/2-1/2

[Event "South Wales New Year 2020"]
[Site "Bridgend"]
[Date "2020.01.04"]
[Round "3.15"]
[White "Thomas, Roy"]
[Black "Chung, Joel"]
[Result "1-0"]
[WhiteElo "1689"]
[BlackElo "1486"]
[PlyCount "109"]
[EventDate "2020.01.03"]
[EventType "swiss"]
[EventRounds "5"]
[EventCountry "WLS"]
[SourceDate "2020.01.04"]

1. f4 e5 2. fxe5 d6 3. exd6 Bxd6 4. Nf3 Bg4 5. g3 Qe7 6. Bg2 Nf6 7. O-O Nc6 8.
d3 O-O-O 9. Nc3 Bc5+ 10. Kh1 h6 11. Qe1 Nb4 12. Qd1 Nfd5 13. e4 Ne3 14. Bxe3
Bxe3 15. a3 Nc6 16. Nd5 Qc5 17. Nxe3 Qxe3 18. Qe1 Qc5 19. Qc3 Qxc3 20. bxc3 f6
21. d4 Rhe8 22. Nd2 Bh5 23. Rae1 Bg6 24. Bh3+ Kb8 25. Bf5 Bf7 26. Bh3 Bg6 27.
Kg1 b6 28. Re3 Ne7 29. Rfe1 Nc6 30. Nf3 Na5 31. Bf1 Bh5 32. Nh4 Bf7 33. Nf5 Bc4
34. Bd3 Rd7 35. e5 fxe5 36. Rxe5 Rxe5 37. Rxe5 Bxd3 38. cxd3 Nc6 39. Re8+ Kb7
40. Rg8 Rf7 41. g4 Ne7 42. Rxg7 Rxg7 43. Nxg7 Nd5 44. Nf5 h5 45. gxh5 Nxc3 46.
h6 Ne2+ 47. Kf2 Nf4 48. Ne7 Nh3+ 49. Kg3 Ng5 50. Kg4 Nh7 51. Kf5 b5 52. Kg6 a5
53. Kxh7 b4 54. axb4 a4 55. Nd5 1-0

[Event "South Wales New Year 2020"]
[Site "Bridgend"]
[Date "2020.01.05"]
[Round "4.1"]
[White "Toczek, Grzegorz"]
[Black "Gay, Conor"]
[Result "1/2-1/2"]
[WhiteElo "2263"]
[BlackElo "1946"]
[PlyCount "131"]
[EventDate "2020.01.03"]
[EventType "swiss"]
[EventRounds "5"]
[EventCountry "WLS"]
[SourceDate "2020.01.04"]

1. e4 c5 2. Nf3 d6 3. d4 cxd4 4. Nxd4 Nf6 5. Nc3 a6 6. h3 g6 7. g4 Bg7 8. Bg2
Qc7 9. Be3 O-O 10. O-O e6 11. f4 Nc6 12. Nde2 b5 13. Qe1 Bb7 14. Rd1 h6 15. Qf2
Ne7 16. a3 Rac8 17. f5 g5 18. Qg3 exf5 19. gxf5 Ne8 20. Bd4 Be5 21. Bxe5 dxe5
22. f6 Ng6 23. Qg4 Qb6+ 24. Kh1 Nxf6 25. Qf5 Nh5 26. Rd7 Rc7 27. Rd3 Nhf4 28.
Nxf4 Nxf4 29. Rg3 Qe6 30. Qxe6 Nxe6 31. h4 f6 32. Rd3 Nf4 33. Rd6 Rff7 34. Rfd1
Kg7 35. Bf3 h5 36. Kh2 g4 37. Bh1 a5 38. Nxb5 Rxc2+ 39. R6d2 Rxd2+ 40. Rxd2 Bc8
41. Nd6 Rd7 42. b4 axb4 43. axb4 Kf8 44. b5 Ne6 45. Kg3 Nd8 46. Rc2 Rxd6 47.
Rxc8 Rd3+ 48. Kf2 Ke8 49. Bg2 Kd7 50. Ra8 Kc7 51. Bf1 Rd6 52. Bc4 Kb7 53. Ra2
Ne6 54. Bd5+ Kb8 55. Ra8+ Kc7 56. Bxe6 Rxe6 57. Rh8 Rd6 58. Rxh5 Rd3 59. Rf5
Kb6 60. Rxf6+ Kxb5 61. Re6 Kc5 62. Rxe5+ Kd6 63. Rd5+ Rxd5 64. exd5 Kxd5 65.
Kg3 Ke5 66. Kxg4 1/2-1/2

[Event "South Wales New Year 2020"]
[Site "Bridgend"]
[Date "2020.01.05"]
[Round "4.2"]
[White "Smith, Lynda"]
[Black "Kozusek, Daniel"]
[Result "0-1"]
[WhiteElo "1793"]
[BlackElo "2335"]
[PlyCount "84"]
[EventDate "2020.01.03"]
[EventType "swiss"]
[EventRounds "5"]
[EventCountry "WLS"]
[SourceDate "2020.01.04"]

1. f4 g6 2. Nf3 Bg7 3. g3 c5 4. Bg2 Nc6 5. O-O d6 6. Nc3 e5 7. d3 Nge7 8. e4
O-O 9. fxe5 dxe5 10. Be3 Nd4 11. Nd5 Nxd5 12. exd5 b6 13. c4 Nf5 14. Bg5 f6 15.
Bd2 Nd6 16. Qc2 Bd7 17. a3 Qc7 18. b4 Rae8 19. Rae1 Rc8 20. b5 Rce8 21. Kh1 Re7
22. Ng1 Qc8 23. a4 Rfe8 24. a5 Bf5 25. Be4 Bxe4+ 26. dxe4 Qg4 27. Rf3 f5 28. h3
Qh5 29. exf5 gxf5 30. Kg2 Bf6 31. g4 Rg7 32. Ref1 f4 33. Kf2 Qg6 34. Qxg6 hxg6
35. Rc1 g5 36. axb6 e4 37. Bxf4 gxf4 38. Ra3 Bb2 39. Rxa7 Bxc1 40. Rc7 Be3+ 41.
Kf1 Bxg1 42. Kxg1 e3 0-1

[Event "South Wales New Year 2020"]
[Site "Bridgend"]
[Date "2020.01.05"]
[Round "4.4"]
[White "Gay, Simon"]
[Black "Pleasants, Allan J"]
[Result "1-0"]
[WhiteElo "1863"]
[BlackElo "2046"]
[PlyCount "85"]
[EventDate "2020.01.03"]
[EventType "swiss"]
[EventRounds "5"]
[EventCountry "WLS"]
[SourceDate "2020.01.04"]

1. e4 d6 2. d4 Nf6 3. Nc3 g6 4. f4 Bg7 5. Nf3 c5 6. d5 O-O 7. Be2 Na6 8. Bxa6
bxa6 9. Bd2 Rb8 10. Rb1 e6 11. dxe6 fxe6 12. O-O d5 13. e5 Ne8 14. Qe1 Nc7 15.
Qf2 Qe7 16. Na4 d4 17. b3 Nd5 18. Qh4 Qxh4 19. Nxh4 g5 20. fxg5 Rxf1+ 21. Rxf1
Bxe5 22. Nxc5 Nc3 23. Re1 Bd6 24. Nxe6 Nxa2 25. Nxd4 Bg4 26. Nhf3 Bc5 27. Kf1
Nb4 28. Bxb4 Bxb4 29. Re4 Bd7 30. Ne5 Be8 31. Ndc6 Bxc6 32. Nxc6 Rf8+ 33. Ke2
Bc5 34. Nd4 Rc8 35. Kd3 Kf7 36. h4 Kg6 37. g4 Bxd4 38. Rxd4 Rc6 39. b4 h5 40.
gxh6 Kxh6 41. c4 Re6 42. c5 Re1 43. Rd6+ 1-0

[Event "South Wales New Year 2020"]
[Site "Bridgend"]
[Date "2020.01.05"]
[Round "4.5"]
[White "Robinson, David"]
[Black "Clark, Ian C"]
[Result "1/2-1/2"]
[WhiteElo "1860"]
[BlackElo "1957"]
[PlyCount "75"]
[EventDate "2020.01.03"]
[EventType "swiss"]
[EventRounds "5"]
[EventCountry "WLS"]
[SourceDate "2020.01.04"]

1. d4 c5 2. c3 cxd4 3. cxd4 d5 4. Nf3 Nc6 5. Bf4 Nf6 6. e3 a6 7. Be2 g6 8. O-O
Bg7 9. Nc3 O-O 10. Rc1 Bf5 11. Na4 Ne4 12. Nc5 Nxc5 13. Rxc5 Qd7 14. Qb3 Rfd8
15. Qb6 e5 16. Nxe5 Nxe5 17. dxe5 Rdc8 18. Rfc1 Rxc5 19. Rxc5 Rc8 20. h3 Bf8
21. Rc3 Rxc3 22. bxc3 Be6 23. Bf3 h6 24. e4 dxe4 25. Bxe4 Bxa2 26. Bxb7 Qf5 27.
Bg3 Qd3 28. Bxa6 Qxc3 29. Qb5 Be6 30. Qd3 Qb2 31. h4 Qc1+ 32. Kh2 h5 33. Bb7
Qc5 34. Be4 Bg7 35. Qd8+ Kh7 36. Qg5 Kg8 37. Qd8+ Kh7 38. Qg5 1/2-1/2

[Event "South Wales New Year 2020"]
[Site "Bridgend"]
[Date "2020.01.05"]
[Round "4.6"]
[White "Bevan, Peter M"]
[Black "Sivarajasingam, Shayanna"]
[Result "1-0"]
[WhiteElo "1889"]
[BlackElo "1778"]
[PlyCount "81"]
[EventDate "2020.01.03"]
[EventType "swiss"]
[EventRounds "5"]
[EventCountry "WLS"]
[SourceDate "2020.01.04"]

1. d4 d5 2. Bf4 Nf6 3. e3 c5 4. Nd2 Nc6 5. c3 Qb6 6. Qb3 c4 7. Qc2 g6 8. b3 Bf5
9. Qc1 cxb3 10. axb3 Rc8 11. Qb2 Bg7 12. h3 O-O 13. g4 Bd7 14. Bg2 Rfe8 15.
Ngf3 Ne4 16. Nxe4 dxe4 17. Nd2 e5 18. Nc4 Qc7 19. Bg3 b5 20. Na3 Nd8 21. c4
bxc4 22. Nxc4 Qb8 23. Qa3 Rf8 24. O-O Bb5 25. Rfc1 f5 26. Nxe5 Rxc1+ 27. Rxc1
Qb7 28. Qd6 Qb6 29. Qxb6 axb6 30. Nc4 fxg4 31. hxg4 Bc6 32. Nxb6 Bb7 33. Rc7
Rf7 34. Rxf7 Kxf7 35. d5 Ba6 36. Bxe4 Be2 37. f3 Bd1 38. b4 Bc3 39. b5 Bb3 40.
Nc8 Ba4 41. b6 1-0

[Event "South Wales New Year 2020"]
[Site "Bridgend"]
[Date "2020.01.05"]
[Round "4.7"]
[White "Dixon, Chris"]
[Black "Britton, Richard L"]
[Result "1/2-1/2"]
[WhiteElo "1748"]
[BlackElo "2162"]
[PlyCount "48"]
[EventDate "2020.01.03"]
[EventType "swiss"]
[EventRounds "5"]
[EventCountry "WLS"]
[SourceDate "2020.01.04"]

1. e4 c5 2. Nc3 Nc6 3. g3 g6 4. Bg2 Bg7 5. d3 d6 6. f4 e6 7. Nf3 Nge7 8. O-O
O-O 9. Be3 b6 10. Bf2 Bb7 11. Qd2 Qd7 12. g4 f5 13. h3 Rae8 14. Bg3 Nd4 15.
Rae1 Nxf3+ 16. Bxf3 Kh8 17. Nd1 Ba8 18. c3 d5 19. e5 d4 20. c4 Bxf3 21. Rxf3
Nc6 22. g5 Rb8 23. h4 h5 24. b3 Qb7 1/2-1/2

[Event "South Wales New Year 2020"]
[Site "Bridgend"]
[Date "2020.01.05"]
[Round "4.8"]
[White "Smith, George"]
[Black "Bullen, Alex"]
[Result "0-1"]
[WhiteElo "1531"]
[BlackElo "2039"]
[PlyCount "90"]
[EventDate "2020.01.03"]
[EventType "swiss"]
[EventRounds "5"]
[EventCountry "WLS"]
[SourceDate "2020.01.04"]

1. d4 d5 2. Nc3 c6 3. Bg5 h6 4. Bh4 Qb6 5. Rb1 Bf5 6. e3 e6 7. Bd3 Bxd3 8. Qxd3
Qa6 9. Nge2 Qxd3 10. cxd3 Nd7 11. O-O Ne7 12. f3 Nf5 13. Bf2 Be7 14. Rfc1 O-O
15. Na4 Bg5 16. f4 Be7 17. Nc5 Nxc5 18. dxc5 g6 19. d4 Rfc8 20. b4 b5 21. a4 a6
22. axb5 axb5 23. Ra1 Bd8 24. Nc3 Ng7 25. e4 Ne8 26. exd5 exd5 27. Re1 Nc7 28.
g3 Ne6 29. Be3 Bf6 30. Ne2 Re8 31. Kf2 Ng7 32. Kf3 Nf5 33. Bf2 h5 34. h3 Kh7
35. h4 Nh6 36. Bg1 Ng4 37. Rxa8 Rxa8 38. Rb1 Ra3+ 39. Kg2 Bg7 40. Kf1 Nf6 41.
Rb2 Ne4 42. Kg2 Bf6 43. Bf2 Kg8 44. Nc1 Nxf2 45. Kxf2 Bxd4+ 0-1